Effect of co-operative learning on student achievement, self-concept and liking of classmates (Record no. 86551)

MARC details
000 -LEADER
fixed length control field 00392nam a2200145Ia 4500
008 - FIXED-LENGTH DATA ELEMENTS--GENERAL INFORMATION
fixed length control field 230917s9999||||xx |||||||||||||| ||und||
040 ## - CATALOGING SOURCE
-- 89737
Original cataloging agency VIVEKANANDA LIBRARY
041 ## - Language
-- English
082 ## - DDC NUMBER
Classification number 370.1523 S62E
100 ## - MAIN ENTRY--PERSONAL NAME
Personal name Sumitra Devi
245 #0 - TITLE STATEMENT
Title Effect of co-operative learning on student achievement, self-concept and liking of classmates
260 ## - PUBLICATION, DISTRIBUTION, ETC. (IMPRINT)
Date of publication, distribution, etc 1984
300 ## - PHYSICAL DESCRIPTION
Pages 326 p.
942 ## - ADDED ENTRY ELEMENTS (KOHA)
Koha item type Thesis
Holdings
Withdrawn status Lost status Damaged status Not for loan Location (home branch) Sublocation or collection (holding branch) Shelving location Date acquired Koha issues (times borrowed) Koha full call number Accession No. Koha date last seen Koha item type
        VIVEKANANDA LIBRARY VIVEKANANDA LIBRARY Reference 01/05/2003   370.1523 S62E 165579 17/09/2023 Thesis
© Designed and Maintained by Vivekananda Library, MDU Rohtak